Wordt geladen...

Taxmann Students' Guide to Auditing Standards SAs/SREs/SAEs/SRSs and SQC

Bibliografische gegevens
Hoofdauteur: Rawat, D. S.
Formaat: Printed Book
Taal:English
Gepubliceerd in: 2010 New Delhi Taxmann
Editie:13th ed.
Onderwerpen:
LEADER 00626 a2200181 4500
005 20151026132847.0
008 110208t xxu||||| |||| 00| 0 eng d
080 |a 657.6  |b RAW 
100 |a Rawat, D. S.  |9 6526 
245 |a Taxmann Students' Guide to Auditing Standards   |b SAs/SREs/SAEs/SRSs and SQC 
300 |a Various pagination 
653 |a Auditing Standards 
942 |c BK  |6 _ 
260 |b New Delhi  |c Taxmann  |a 2010  |9 14302 
250 |a 13th ed. 
020 |a 9788171947546 
999 |c 57765  |d 57765 
952 |0 0  |1 0  |2 udc  |4 0  |6 6576_RAW  |7 0  |9 70580  |a UL  |b UL  |c GEN  |d 2010-12-17  |e 119  |g 0.00  |o 657.6 RAW  |p 00064888  |r 2010-12-17  |v 0.00  |w 2010-12-17  |y BK